| 000 | 00498nam a22001817a 4500 | ||
|---|---|---|---|
| 999 |
_c164823 _d164823 |
||
| 005 | 20190528164651.0 | ||
| 010 | _aENG-125335 | ||
| 020 |
_a9788172764289 _c250.00 |
||
| 035 | _aEN-108867 | ||
| 037 | _bDBAD/PUB | ||
| 082 | _aN | ||
| 100 | _aRoy, Dilip Kumar | ||
| 245 |
_aThe upward spiral/ _cby Dilip Kumar Roy |
||
| 260 |
_aMumbai _bBharatiya Vidhya Bhavan _c2009 |
||
| 270 |
_aK.M Munshi Marg _bMumbai _e400007 _mbhavan@bhavan.info |
||
| 300 | v |
_a577p. _c21cm(pb) |
|
| 942 |
_2ddc _cEN _mROY _hN |
||